000 00660nam a2200205Ii 4500
003 JO-AjNU
008 230605s9999||||xx |||||||||||||| ||und||
040 _aJO-AjNU
_bara
_erda
_cJO-AjNU
041 _aara
050 1 4 _aLB1043.A27 1987
100 3 _aأبوحمود، قسطندي نقولا,
_eauthor
_935000
245 0 0 _aالوسائل في عملية التعلم والتعليم
250 _aط4 مزيدة ومحدثة
264 3 1 _aالقدس:المؤلف،1982
300 _a475ص
336 _atext
_btxt
_2rdacontent
337 _aunmediated
_bn
_2rdamedia
338 _avolume
_bnc
_2rdacarrier
650 4 _aوسائل تعليمية
_935001
999 _aA14406
_c17974
_d17974